Osiedla Monako z mapą - Statystyki

Ogólne statystyki
  • Ten quiz został rozwiązany 114 razy
  • Średni wynik to 3 z 9
Odpowiedzi na mapie
Odpowiedzi zakodowano w zielono-czerwonej skali na mapie do tego quizu, zgodnie z poniższymi procentami.
 
Statystyki odpowiedzi
Osiedle % Poprawnych
Monte Carlo
93%
Monaco-Ville
34%
Jardin exotique
27%
Fontvieille
23%
La Condamine
23%
La Rousse
23%
Larvotto
21%
Moneghetti
18%
Ravin de Sainte-Dévote
13%
Nie znaleziono quizów pasujących do podanych kryteriów
Rozkład punktacji
Procent ludzi z każdym wynikiem
Percentyl według liczby udzielonych odpowiedzi
Twoja historia wyników
Nie rozwiązałeś tego quizu